| 000 | 01533nam0a22003491 4500 | ||
|---|---|---|---|
| 001 | rc\3911412 | ||
| 005 | 20130415105454.5 | ||
| 035 | _a(NLR Aleph) 007899628 | ||
| 090 |
_a8029831 _c8029831 |
||
| 100 | _a20130415d1948 |||y0rusy50 ca | ||
| 101 | 0 | _arus | |
| 102 | _aRU | ||
| 105 | _ac z ||||| | ||
| 200 | 1 |
_aНаучные труды _f[Вступ. статья: Г.Н. Удинцев, И.К. Каракулов, М.И. Иванов и др. "Х.А. Барлыбаев. (1898-1946)", с. 5-10] _gАкад. наук Каз. ССР |
|
| 210 |
_aАлма-Ата _cПолиграфкомбинат _d1948 _gТип. АН КазССР |
||
| 215 |
_a170 с., 1 л. портр. _d24 |
||
| 300 | _aНа переплете: Х. Барлыбаев. Труды | ||
| 320 | _aБиблиогр. в конце статей | ||
| 320 | _aБиблиогр.: "Перечень науч. работ и науч.-попул. статей Х.А. Барлыбаева": с. 167-168 | ||
| 517 | 0 | _aТруды | |
| 606 |
_aВрачи казахские _2psbo |
||
| 606 |
_aВнутренние болезни _xКлиника _jСборники _2psbo |
||
| 606 |
_aУченые казахские _2psbo |
||
| 700 | 1 |
_aБарлыбаев _bХ. А. _f1898-1946 _gХабиб Актаевич |
|
| 702 | 1 |
_aКаракулов _bИ. К. _4080 |
|
| 702 | 1 |
_aИванов _bМ. И. _4080 |
|
| 702 | 1 |
_aУдинцев _bГ. Н. _4080 |
|
| 801 | 0 |
_aRU _bNLR _gpsbo |
|
| 801 | 1 |
_aRU _bELAR _2rusmarc |
|
| 852 |
_aNLR _jМд10 Г-7/45 |
||
| 942 | _cBOOK | ||
| 980 | _aNB | ||